000 01079nam0a22002891 4500
001 v19\rc\1678393
005 20260407065445.0
035 _a(NLR Aleph) 005243431
090 _a5728672
_c5728672
100 _a20061002d1895 |||y0rusy50 ca
101 1 _arus
_cger
102 _aRU
105 _aa z |||||
200 1 _aОбезьяны Старого света (узконосые)
_eВ 2 ч.
_eС 22 рис.
_f[Соч.] А. Брема
_gПеределано М.Н. Я[нишевским]
205 _a1-е изд.
210 _aМосква
_cП.К. Прянишников
_d1895
215 _a[2], III, 6-88 с.
_cил.
_d17
300 _aНа тит. л. номер изд.: № 28
700 1 _8rus
_7ca
_aБрем
_bА. Э.
_f1829-1884
_gАльфред Эдмунд
_3RU\NLR\AUTH\7716106
_9125748
702 1 _aЯнишевский
_bМ.Н.
_4570
801 0 _aRU
_bNLR
_c20061002
_gpsbo
801 0 _aRU
_bRuMoRGB
_c20061002
_2psbo
801 1 _aRU
_bProSoft-M
_c20061002
_2rusmarc
801 2 _aRU
_bNLR
_c20070923
_2rusmarc
852 _aNLR
_j18.262.7.375
942 _cBOOK
980 _aNB